000 00574nam a2200217Ia 4500
003 OSt
005 20220927105646.0
006 a|||||r|||| 00| 0
007 ta
008 220926b |||||||| |||| 00| 0 eng d
024 _a194523
037 _cReference Collections
040 _aRTL
_cRTL
_beng
041 _2eng
_aeng
082 _a"X:(Z,353), P5/TD"
100 _aBolton
_9374015
245 0 _aContract Theory
700 _a Dewatripont
_9374016
942 _h"X:(Z,353), P5/TD"
_cCC
999 _c693709
_d693709